| 000 | 00558nam a2200193Ia 4500 | ||
|---|---|---|---|
| 005 | 20260122095418.0 | ||
| 008 | 260121s9999||||xx |||||||||||||| ||und|| | ||
| 020 | _a9789354601637 | ||
| 082 |
_a621.381 _bNEA |
||
| 100 | _aNeamen, Donald A. | ||
| 245 | 0 |
_aMicroelectronics : _bcircuit analysis and design / |
|
| 250 | _a4th ed. | ||
| 260 |
_aChennai : _bMcgraw-Hill, _c2021. |
||
| 300 | _axxi, 1370p.; pbk | ||
| 650 | _aElectronic circuit design | ||
| 650 | _aElectronic circuit design | ||
| 650 | _aSemiconductors--Design and construcion | ||
| 942 | _cTB | ||
| 999 |
_c47455 _d47455 |
||